000 00455nam a22001577a 4500
999 _c25196
_d25196
003 BDDh-ASL
005 20231015030448.0
008 210625s1993 tu ||||| |||| 00| 0 eng d
040 _aBDDh-ASL
_cBDDh-ASL
082 _a297
_bGUC
245 1 0 _aConfessions of A British Spy and British Enmity Against Islam /
260 _aIstanbul:
_bHakikat Kitabevi,
_c1993.
300 _a122 p. :
_c19 cm.
650 0 _9447
_aIslam
_vMiscellanea.
942 _2ddc
_cBK